MDQL
is popping MORE tags! Check the
thread
!
Quizzes
Events
Quiz Creation
Community
Videos
Private Events
Remove Ads
Sign In
Join for FREE
Feedback
Dark Mode
Quiz Categories
Sports
Geography
Music
Movies
Television
Just For Fun
Miscellaneous
History
Literature
Language
Science
Gaming
Entertainment
Religion
Holiday
For Kids
Quiz Lab
Recent
Popular Today
Quiz Kudos Today
Editor Picks
Curator Picks
Quizzes by...
Day
Popularity
Type
Ratings
Length
Year
Community
Subscriptions
Recent Discussions
Orange Saloon
Badges
Playlists
Quests
Create
Leaderboards
Showdown
Live 5
Trivia Bingo
Activity
Puzzle Library
Sporcle Events
Private Events
Virtual Trivia
Globe League
Become a Host
Pub Owners
SporcleCon
Opinionation
Our Games
Videos
Blog
Mobile Apps
Partnerships
Remove Ads and Go Orange
Feedback
Just For Fun
Clickable
Get the Picture
Humor
Quick Pick
Word Ladder
Missing Word
Mixed Word
Blitz
Minefield
This or That
Alphabet
Color
Typing
Sporcle
Puzzle
Word Play
Follow That Line
Logic
Just For Fun
Clickable
Get the Picture
Humor
Quick Pick
Word Ladder
Missing Word
Mixed Word
Blitz
Minefield
This or That
Alphabet
Color
Typing
Sporcle
Puzzle
Word Play
Follow That Line
Logic
Random Quiz
Search Sporcle
×
Quiz Lab
Quiz Lab
Just For Fun
Atlanta
Type in answers that appear in a list
Type in answers that appear in a list
Classic
Best Score? Go Orange.
The POSSIBLE quiz Stats
Can you name the The POSSIBLE quiz?
By
nadohs
11m
14 Questions
50 Plays
50 Plays
50 Plays
Comments
Comments
Give Quiz Kudos
Give Quiz Kudos
-
- Ratings
hide this ad
Replay
Link that replays current quiz
Next Quiz
Link to next quiz in quiz playlist
You Got
0%
They Got
Avg Score
17%
Avg Friend Score
Upgrade to see
Score Distribution
Jump to the score distribution portion of the page
Score
0/14
Timer
11:00
0
Plays Today
Quest Shins
Atlantas
% Correct
Q7)You enter the subway, a bum asks you for money to eat. You dont want to give him money, but he threatens hit you with his wooden leg if you do not pay up. How much do you need t
5 dollars plus tax
62%
give him in order for him to let you pass?
5 dollars plus tax
62%
Q6)frequent time travelers, will usually suffer from this problem.
Jet Lag
34%
Q3)Science and technology are one thing, but Mathematics and Atronomy are another. From this, what can one conclude?
one is two
20%
Q1)I am thinking of an object, one that is abstract, yet not really that abstract, but maybe not an object.
four
14%
Q2)According to Jack Johnson III( Some Smoe), the following is required to rectify the pr0ceeding statement: You have herpies, you lost you leg in korean war, but now you cannot
a wooden leg
8%
Q10)Armstrong is probably best known for what?
arm strength
8%
Quest Shins
Atlantas
% Correct
find a doctor, and you have gotten a splinter somehow.
a wooden leg
8%
Q4)Halloween is to jack-
o-
lanterns as holiday is to:
pumpkin
6%
Q5)Timmothy Woothrow is playing Golf. The hole is a par 5 and he is on target to make the hole in two more shots. One shot to get on the green and one to sink the hole. Timmy is
skill
6%
Q8)Pluto is to marco, as Mars is to:
Polio
6%
is an expert statician. The wind is pulling 2mph left, there is a sandtrap 3 meters to the left of the green, and a small pond in front of the green. He takes the shot and it goes
skill
6%
'he takes the shot and it goes way off to the right. What variable did Timothy forget to account for?'
skill
6%
Q9)Astronauts use this to go into outterspace
tang
4%
Quiz Playlist
Details
Report
Send in Message
Add To Playlist
Classic:
Type in answers that appear in a list
Last Updated: Feb 16, 2017
Quiz Scoreboard
CHALLENGE
Sign Up to Join the Scoreboard
Show All
Scores
Hide
Comments
May contain spoilers
Recently Published
1-10 Letter E Words III
by El_Dandy
Language
2m
Street Fighter Characters
by Artimus82
Gaming
60s
College Basketball Coaching Resumes
by pancakes188
Sports
9m
More to Explore
Quiz From the Vault
Featured Blog Post
Where Did the Easter Bunny Come From?
hide this ad
You Might Also Like...
Tags
anti
Atlanta
Quest
shin
Today's Top Quizzes in Just For Fun
Browse Just For Fun
hide this ad
Today's Top Quizzes in Atlanta
Browse Atlanta
Top Contributed Quizzes in Just For Fun
1
Name Just One - 10 to 1: Just For Fun
2
Killer Double Trees 224 - Colour Match-Up
3
Spring Typing Challenge
4
Crossword Whiteout! 49
5
Zeroing In: Just For Fun
6
Survivor Winners Logic Puzzle
7
Word Ladder: Ahoy Matey
8
Word Ladder: Wilderness Weapon
9
Kyle's 122nd Triple Trees
10
Clickable Animal Jokes #2
Explore More
Trending Topics
Marvel
Crossword
Harry Potter
Disney
Kpop
Anime
NBA
Country
Soccer
The Office
WWE
Pokémon
Puzzle
NFL
Song
hide this ad
Score Distribution
Quiz Creator Spotlight
nadohs
Follow
Send a Message
Quizzes Created
-
Created Quiz Play Count
-
Popular Quizzes Today
1
Find the US States - No Outlines Minefield
2
Find the Countries of Europe - No Outlines Minefield
3
The Countries of the World
4
Find the US States
5
Risky Map Clicking: Biggest States A-Z
6
US States
7
Popular People in 1961
8
Movies - When Are They Set?
More Just For Fun Quizzes
Quick Pick: Macy's Parade Floats
Published
Trending Quizzes
Risky Map Clicking: Least Populous States A-Z
Billboard Blitz: Aretha Franklin
Famous Russians: Author or Composer?
1-10 Letter G Words
Countries of the World: 200 Million BC
Recently Updated
Leaping Animals
pecheneg
Reality TV Shows (A-Z)
bhenderson79
Rickey Henderson's Hall of Fame Teammates
pecheneg
Champions League XIs: Arsenal
pecheneg
Quick Pick: Celebrities in WWE's Hall of Fame
aduchscher
A-Z Keypad Blitz II
pecheneg
Multiple Oscar Actors
pecheneg
Mystery Phrase Blitz: Oscar 'Best Actors'
pecheneg
F. Scott Fitzgerald Novels
LTH
Pick 3 Villains
ddd62291
Trending Topics
Marvel
Harry Potter
Anime
Kpop
Crossword
NBA
Disney
Country
The Office
Pokémon
NFL
Soccer
Song
WWE
Puzzle
Your Account Isn't Verified!
In order to create a playlist on Sporcle, you need to verify the email address you used during registration. Go to your
Sporcle Settings
to finish the process.
Report this User
Report this user for behavior that violates our
Community Guidelines
.
Details:
Send Report
Go to the Sporcle.com Mobile Site →
Comments